书目信息 |
| 题名: |
力学诗趣
|
|
| 作者: | 王振东 , 武际可 著 | |
| 分册: | ||
| 出版信息: | 天津 南开大学出版社 1998.10 |
|
| 页数: | 164页 | |
| 开本: | 32开 | |
| 丛书名: | ||
| 单 册: | ||
| 中图分类: | O3-49 | |
| 科图分类: | ||
| 主题词: | 力学 | |
| 电子资源: | ||
| ISBN: | 7-310-01118-X | |
| 000 | 00561nam0 2200205 45 | |
| 001 | 1009082379 | |
| 005 | 20100908235100.3 | |
| 010 | @a7-310-01118-X@d9.00元 | |
| 100 | @a20100908d1998 km y0chiy0120 ea | |
| 101 | 0 | @achi |
| 105 | @a z 000yy | |
| 200 | 1 | @a力学诗趣@ALi Xue Shi Qu@f王振东,武际可著@FWang Zhen Dong,Wu Ji Ke Zhu |
| 210 | @a天津@c南开大学出版社@d1998.10 | |
| 215 | @a164页@d32开 | |
| 606 | 0 | @a力学 |
| 690 | @aO3-49@v3 | |
| 701 | 0 | @a王振东@4著 |
| 701 | 0 | @a武际可@4著 |
| 801 | @aCN@bPftUser@c20100908 | |
| 905 | @b134387-396@dO3-49@eW373@f10 | |
| 力学诗趣/王振东,武际可著.-天津:南开大学出版社,1998.10 |
| 164页;32开 |
| ISBN 7-310-01118-X:9.00元 |
| ● |
| 相关链接 |
|
|
|
正题名:力学诗趣
索取号:O3-49/W373
 
预约/预借
| 序号 | 登录号 | 条形码 | 馆藏地/架位号 | 状态 | 备注 |
| 1 | 134387 | 201343876 | 自科库401/401自科库 50排6列5层/ [索取号:O3-49/W373] | 在馆 | |
| 2 | 134388 | 201343885 | 自科二线504/504自科库 48排4列4层/ [索取号:O3-49/W373] | 在馆 | |
| 3 | 134389 | 201343894 | 自科二线504/504自科库 48排4列4层/ [索取号:O3-49/W373] | 在馆 | |
| 4 | 134390 | 201343901 | 自科二线504/504自科库 48排4列4层/ [索取号:O3-49/W373] | 在馆 | |
| 5 | 134391 | 201343910 | 自科二线504/504自科库 48排4列4层/ [索取号:O3-49/W373] | 在馆 | |
| 6 | 134392 | 201343929 | 自科二线504/504自科库 48排4列4层/ [索取号:O3-49/W373] | 在馆 | |
| 7 | 134393 | 201343938 | 自科二线504/504自科库 48排4列4层/ [索取号:O3-49/W373] | 在馆 | |
| 8 | 134394 | 201343947 | 自科库401/401自科库 50排6列5层/ [索取号:O3-49/W373] | 在馆 | |
| 9 | 134395 | 201343956 | 自科二线504/504自科库 48排4列4层/ [索取号:O3-49/W373] | 在馆 | |
| 10 | 134396 | 201343965 | 自科二线504/504自科库 48排4列4层/ [索取号:O3-49/W373] | 在馆 |